[Event "?"]
[Site "?"]
[Date "2012.03.20"]
[Round "6.16"]
[White "Grunwald, Günther"]
[Black "Funke, Eckhard"]
[Result "0-1"]
[WhiteElo "1554"]
[BlackElo "1896"]
[PlyCount "66"]
[EventDate "2012.??.??"]
[WhiteTeam "SW Obehausen"]
[BlackTeam "SG Höntrop 1947"]

1. e4 c5 2. c3 d5 3. exd5 Qxd5 4. d4 cxd4 5. cxd4 Nc6 6. Nf3 e6 7. Nc3 Bb4 8.
a3 Bxc3+ 9. bxc3 Nf6 10. Bd3 O-O 11. O-O Qh5 12. Bf4 Nd5 13. Bd2 b6 14. Bb5 Bb7
15. Re1 Nxc3 16. Bxc3 Qxb5 17. Ne5 Nxe5 18. d5 Qxd5 19. Qxd5 Bxd5 20. Bxe5 Rfc8
21. Rec1 f6 22. Bb2 Bc4 23. g3 b5 24. a4 b4 25. f4 Bb3 26. a5 Rd8 27. Re1 Rd2
28. Bc1 Rc2 29. Rb1 Bd5 30. Rxb4 Rac8 31. Be3 Rg2+ 32. Kf1 Rxh2 33. Bxa7 Rcc2
0-1

[Event "?"]
[Site "?"]
[Date "2012.03.20"]
[Round "6.17"]
[White "Wimber, Hartmut"]
[Black "Schwarz, Ingo"]
[Result "0-1"]
[WhiteElo "1879"]
[BlackElo "1784"]
[WhiteTeam "SV RE-Süd"]
[BlackTeam "SF 1898 Dortmunbd"]

1. d4 d5 2. Nf3 Nc6 3. c4 Bg4 4. Ne5 Nxe5 5. dxe5 e6 6. Nc3 c6 7. cxd5 exd5 8.
Qa4 Be6 9. e3 Qc7 10. f4 Qb6 11. Bd3 Bc5 12. f5 Bd7 13. Qf4 d4 14. Ne4 Bb4+ 15.
Ke2 Ne7 16. Nd6+ Bxd6 17. exd6 Nd5 18. Qe5+ Kf8 19. e4 Re8 20. Qg3 Bxf5 21. Kf2
Bxe4 22. d7 Re6 23. Bxe4 d3+ 24. Kf1 Rf6+ 25. Bf3 Ke7 26. Qxg7 Qd4 27. Bg5 Ne3+
28. Bxe3 Rxf3+ 29. gxf3 Qxg7 30. Rd1 Qxb2 31. Bc5+ Kd8 0-1

[Event "?"]
[Site "?"]
[Date "2012.03.20"]
[Round "6.19"]
[White "Matrisch, Gerd"]
[Black "Bleich, Karl-Heinz"]
[Result "1-0"]
[WhiteElo "1723"]
[BlackElo "1452"]
[WhiteTeam "SV Unser Fritz W-E"]
[BlackTeam "RSG Läufer RE-Ost"]

1. e4 e5 2. Bc4 Nf6 3. d3 d6 4. Nc3 Be7 5. Nge2 O-O 6. O-O Nc6 7. Ng3 Nd4 8.
Nce2 c5 9. c3 Nc6 10. f3 Bd7 11. Be3 Rb8 12. a4 a6 13. Qd2 b5 14. axb5 axb5 15.
Bb3 Na5 16. Bc2 Be6 17. d4 Nc4 18. Qc1 cxd4 19. cxd4 Rc8 20. Bf2 exd4 21. Nxd4
Rc7 22. b3 Ne5 23. Qd2 Qc8 24. Rfc1 Bd7 25. Ngf5 Ng6 26. Bd3 Rxc1+ 27. Rxc1 Qb7
28. Nxe7+ Nxe7 29. Qb4 Rc8 30. Rd1 Rc5 31. Ne2 Nc6 32. Qd2 Rh5 33. g4 Ne5 34.
Nd4 Rh3 35. Kg2 Rh6 36. Be3 Rg6 37. h3 Qc8 38. Nf5 Qd8 39. Be2 Ne8 40. Bf4 Re6
41. Bxe5 Rxe5 42. Nxd6 Nf6 43. Qd4 Re7 44. Nf5 Qe8 45. Nxe7+ Qxe7 46. Qd6 Qe8
47. e5 h5 48. g5 Bxh3+ 49. Kxh3 Qc8+ 50. e6 Qc2 51. Qd8+ 1-0

[Event "?"]
[Site "?"]
[Date "2012.03.20"]
[Round "6.20"]
[White "Kempken, Reinhold"]
[Black "Markert, Dirk"]
[Result "0-1"]
[WhiteElo "1610"]
[BlackElo "1963"]
[WhiteTeam "Vereinslos"]
[BlackTeam "SV Kamen 1930"]

1. e4 c5 2. b4 cxb4 3. d4 d5 4. e5 Bf5 5. Bd3 Bxd3 6. Qxd3 e6 7. f4 Nc6 8. Nf3
Nh6 9. Be3 Be7 10. Nbd2 Nf5 11. Bf2 h5 12. h4 Qc7 13. Nb3 b6 14. Rg1 a5 15. g4
hxg4 16. Rxg4 a4 17. Nbd2 Na5 18. Ke2 Rc8 19. Rh1 Qxc2 20. Qb5+ Qc6 21. Qxc6+
Rxc6 22. h5 Rc2 23. Ng5 Nc4 24. Ngf3 Rxa2 0-1

[Event "?"]
[Site "?"]
[Date "2012.03.20"]
[Round "6.21"]
[White "Müller-Kreth, Kai"]
[Black "Deutschmann, Jürgen"]
[Result "1-0"]
[WhiteElo "1861"]
[BlackElo "1476"]
[WhiteTeam "SK Sodingen 24"]
[BlackTeam "SF Buer 21/74"]

1. d4 f5 2. c4 d6 3. Nf3 Nf6 4. Nc3 g6 5. h3 Bg7 6. Bf4 O-O 7. e3 Qe8 8. Be2
Nh5 9. Bh2 e5 10. dxe5 dxe5 11. Nxe5 c6 12. Bxh5 Bxe5 13. Bxe5 Qxe5 14. Be2 Na6
15. Qd4 Qxd4 16. exd4 Nb4 17. O-O-O a5 18. a3 Na6 19. Rhe1 Bd7 20. Bf3 Rfe8 21.
Na4 Rxe1 22. Rxe1 Re8 23. Rxe8+ Bxe8 24. Nb6 Kf8 25. Kd2 Ke7 26. h4 Bf7 27. Kc3
Kd6 28. b4 axb4+ 29. axb4 Kc7 30. c5 Kd8 31. d5 cxd5 32. Nxd5 Nc7 33. Nxc7 Kxc7
34. Kd4 h5 35. Ke5 Be8 36. Kf6 Bc6 37. Kxg6 Bxf3 38. gxf3 Kc6 39. Kxh5 Kb5 40.
Kg5 1-0

[Event "?"]
[Site "?"]
[Date "2012.03.20"]
[Round "6.22"]
[White "Nagel, Frank"]
[Black "Barth, Hans-Joachim"]
[Result "1/2-1/2"]
[WhiteElo "1627"]
[BlackElo "1783"]
[PlyCount "43"]
[EventDate "2012.??.??"]
[WhiteTeam "SV Waltrop 1922"]
[BlackTeam "SC Dolce Vita 93"]

1. Nf3 d5 2. d4 Bf5 3. c4 e6 4. Nc3 Nf6 5. Bg5 Be7 6. e3 Nbd7 7. c5 O-O 8. b4
Ne4 9. Nxe4 dxe4 10. Bxe7 Qxe7 11. Nd2 a5 12. a3 e5 13. dxe5 Nxe5 14. Nc4 Rfd8
15. Qc1 Nd3+ 16. Bxd3 exd3 17. O-O axb4 18. axb4 Rxa1 19. Qxa1 d2 20. Rd1 Bd3
21. Qc3 Bxc4 22. Qxc4 1/2-1/2

[Event "?"]
[Site "?"]
[Date "2012.03.20"]
[Round "6.23"]
[White "Kamper, Marco"]
[Black "Hartmann, Thomas"]
[Result "1/2-1/2"]
[WhiteElo "1785"]
[BlackElo "1477"]
[WhiteTeam "RSG Läufer RE-Ost"]
[BlackTeam "SK Sodingen 24"]

1. c4 Nf6 2. Nc3 e5 3. Nf3 Nc6 4. d4 exd4 5. Nxd4 d5 6. cxd5 Nxd5 7. Nxc6 bxc6
8. Qa4 Bd7 9. g3 Nxc3 10. bxc3 Qf6 11. Qd4 Be7 12. Bg2 Rd8 13. O-O O-O 14. Qxa7
Qxc3 15. Be3 Bd6 16. Rac1 Qb2 17. Bd4 Qxe2 18. Rfe1 Qb5 19. a4 Qh5 20. Ba1 Rfe8
21. Rxe8+ Rxe8 22. a5 Qb5 23. a6 Qb6 24. Qxb6 cxb6 25. Bxc6 Bxc6 26. Rxc6 Re1+
27. Kg2 Rxa1 28. Rxd6 Kf8 29. Rxb6 Ke7 30. Rb7+ Ke6 31. a7 Ra3 32. Kh3 h5 33.
Kh4 g6 34. g4 Ra4 35. h3 hxg4 36. hxg4 f5 37. f3 Kf6 38. Kg3 fxg4 39. fxg4 Kg5
40. Rb5+ Kf6 41. g5+ Ke6 42. Rb7 Kf5 43. Rb5+ Ke6 44. Rb4 Rxa7 1/2-1/2

[Event "?"]
[Site "?"]
[Date "2012.03.20"]
[Round "6.25"]
[White "Selmanaj, Agim"]
[Black "Kracht, Joachim"]
[Result "1/2-1/2"]
[WhiteElo "1529"]
[BlackElo "1688"]
[WhiteTeam "SK Sodingen 24"]
[BlackTeam "TuS Witten-Stockum"]

1. e4 e5 2. Bc4 Bc5 3. d3 Nc6 4. a3 a5 5. Be3 d6 6. Bxc5 dxc5 7. Nc3 Nf6 8.
Nge2 O-O 9. O-O Nd4 10. h3 Re8 11. f4 exf4 12. Nxf4 Re5 13. Ncd5 Nxd5 14. Bxd5
Ne6 15. Qf3 Qe7 16. Qg3 Rg5 17. Qf2 c6 18. Ba2 Bd7 19. Nxe6 Bxe6 20. Bxe6 Qxe6
21. Rae1 f6 22. Re3 Qe5 23. c3 Rd8 24. Qe2 Qe6 25. Rf5 Re8 26. Rxg5 fxg5 27.
Qf2 g4 28. hxg4 Qxg4 29. Rg3 Qd1+ 30. Kh2 Qh5+ 31. Rh3 Qe5+ 32. Kg1 c4 33. Qf5
Qxf5 34. exf5 cxd3 35. Rxd3 Kf7 36. Kf2 Kf6 37. g4 Re7 38. Re3 Rd7 39. Kf3 h6
40. Re2 Rd1 41. Re6+ Kf7 42. Re2 Rd7 43. Kf4 Rd3 44. g5 hxg5+ 45. Kxg5 Rd5 46.
Kg4 Kf6 47. Re6+ Kf7 48. Re2 Kf6 49. Re6+ Kf7 50. Re2 Kf6 51. Re6+ 1/2-1/2

[Event "?"]
[Site "?"]
[Date "2012.03.20"]
[Round "6.26"]
[White "Grothuesmann, Heinrich"]
[Black "Breme, Dietmar"]
[Result "1-0"]
[WhiteElo "1634"]
[BlackElo "1297"]
[PlyCount "55"]
[EventDate "2012.??.??"]
[WhiteTeam "SK RE-Altstadt 06"]
[BlackTeam "SV Horst-Emscher 31"]

1. e4 c6 2. d4 d5 3. Nc3 dxe4 4. Nxe4 Nf6 5. Nxf6+ exf6 6. Be3 Be7 7. Bd3 O-O
8. h3 Be6 9. Nf3 Nd7 10. c4 Nb6 11. Rc1 Qd7 12. a3 a5 13. d5 cxd5 14. Bxb6 Bd8
15. Bxd8 Rfxd8 16. c5 Rdc8 17. O-O Rc7 18. Nd4 Rac8 19. b4 axb4 20. axb4 Ra8
21. Re1 g6 22. Bb5 Qc8 23. Qf3 Kg7 24. Ra1 Re7 25. Rxa8 Qxa8 26. Qg3 h5 27. Qd6
Qc8 28. Qxe7 1-0

[Event "?"]
[Site "?"]
[Date "2012.03.20"]
[Round "6.28"]
[White "Odenwald, Andreas"]
[Black "Drees, Helmut"]
[Result "1/2-1/2"]
[WhiteElo "1609"]
[BlackElo "1680"]
[WhiteTeam "SV Waltrop 1922"]
[BlackTeam "SK Sodingen 24"]

1. Nc3 e5 2. Nf3 Nc6 3. e4 Nf6 4. Bb5
a6 5. Ba4 Bc5 6. d3 b5 7. Bb3 h6 8. Nxe5 Nxe5 9. d4 Bxd4 10. Qxd4 Nc6 11. Qc5
Qe7 12. Qxe7+ Kxe7 13. Bf4 d6 14. Nd5+ Nxd5 15. Bxd5 Bb7 16. O-O-O f6 17. Be3
Na5 18. Bxb7 Nxb7 19. f4 Rhe8 20. e5 dxe5 21. fxe5 fxe5 22. g4 Rad8 23. Rde1
Rf8 24. h4 Ke6 25. h5 Rf3 26. g5 hxg5 27. Bxg5 Rh8 28. Be3 Rf5 29. h6 gxh6 30.
Bxh6 Nd6 31. Bg7 Rxh1 32. Rxh1 Nf7 33. Bf8 Nd6 34. Bh6 e4 35. b3 c5 36. Be3 c4
37. c3 Rf3 38. Rh6+ Rf6 39. Rxf6+ Kxf6 40. Kd2 Kf5 41. Ke2 Nf7 42. Bb6 Ne5 43.
Ke3 Nd3 44. bxc4 bxc4 45. Kd4 Nb2 46. Bc7 Ke6 1/2-1/2

[Event "?"]
[Site "?"]
[Date "2012.03.20"]
[Round "6.29"]
[White "Stenzel, Gerhard"]
[Black "Bittner, Reinhard"]
[Result "0-1"]
[WhiteElo "1656"]
[BlackElo "1465"]
[PlyCount "49"]
[EventDate "2012.??.??"]
[WhiteTeam "SV Unser Fritz W-E"]
[BlackTeam "SV UnserFritz W-E"]

1. d4 d5 2. c4 c6 3. Nc3 e6 4. c5 f5 5. Nf3 Nf6 6. h3 Be7 7. Bf4 O-O 8. e3 Nbd7
9. Bd3 b6 10. b4 Bb7 11. O-O Ne4 12. Qc2 a5 13. a3 Bf6 14. Rab1 axb4 15. axb4
Ra3 16. Na4 b5 17. Nb2 Re8 18. Bxe4 fxe4 19. Nd2 e5 20. dxe5 Bxe5 21. Bxe5 Nxe5
22. Rfd1 Qf6 23. Nb3 Ra2 24. Ra1 Rxb2 25. Qc1 0-1

[Event "?"]
[Site "?"]
[Date "2012.03.27"]
[Round "7.1"]
[White "Mancic, Ivan"]
[Black "Ribbeheger, Edgar"]
[Result "1-0"]
[WhiteElo "1990"]
[BlackElo "1947"]
[PlyCount "47"]
[EventDate "2012.??.??"]
[WhiteTeam "SG Gladbeck 19/23"]
[BlackTeam "SK Sodingen 24"]

1. d4 d6 2. Nf3 Nf6 3. c4 g6 4. g3 Bg7 5. Nc3 O-O 6. Bg2 Na6 7. O-O c5 8. d5
Nc7 9. a4 Na6 10. e4 Bg4 11. h3 Bxf3 12. Bxf3 Nd7 13. Be3 Qa5 14. Qd2 Nb4 15.
Be2 Bd4 16. Bxd4 cxd4 17. Na2 d3 18. Bd1 Nc5 19. Qxb4 Qxb4 20. Nxb4 a5 21. Na2
Nxe4 22. Re1 Nd2 23. b3 Rac8 24. Re3 1-0

[Event "?"]
[Site "?"]
[Date "2012.03.27"]
[Round "7.2"]
[White "Bauland, Thomas"]
[Black "Kiese, Matthias"]
[Result "0-1"]
[WhiteElo "1935"]
[BlackElo "2102"]
[PlyCount "44"]
[EventDate "2012.??.??"]
[WhiteTeam "SK Varel"]
[BlackTeam "Bochumer SV 02"]

1. Nc3 c5 2. Nf3 Nf6 3. d4 cxd4 4. Nxd4 d5 5. Bf4 Nc6 6. e4 dxe4 7. Ndb5 e5 8.
Qxd8+ Kxd8 9. Bg5 Be6 10. O-O-O+ Kc8 11. Bxf6 gxf6 12. Nxe4 a6 13. Nbc3 f5 14.
Nf6 Bc5 15. f3 h5 16. a3 h4 17. Nfd5 b5 18. b4 Bd4 19. Nxb5 axb5 20. c3 Bxd5
21. Bxb5 Rxa3 22. Bxc6 Rxc3+ 0-1

[Event "?"]
[Site "?"]
[Date "2012.03.27"]
[Round "7.3"]
[White "Wolff, Christoph"]
[Black "Kolakovic, Klaudio"]
[Result "0-1"]
[WhiteElo "1947"]
[BlackElo "1991"]
[WhiteTeam "SC Buer-Hassel"]
[BlackTeam "Südloner SV"]

1. e4 Nc6 2. Nf3 f5 3. exf5 d5 4. d4 Bxf5 5. Bb5 e6 6. Ne5 Nge7 7. c3 a6 8.
Bxc6+ Nxc6 9. Qa4 b5 10. Nxc6 Qd7 11. Ne5 bxa4 12. Nxd7 Kxd7 13. b4 a5 14. a3
Bd6 15. f4 Bd3 16. g3 h5 17. h4 Raf8 18. Kd2 Be4 19. Re1 g5 20. hxg5 h4 21.
Rxe4 dxe4 22. g6 h3 0-1

[Event "?"]
[Site "?"]
[Date "2012.03.27"]
[Round "7.4"]
[White "Radi, Günter"]
[Black "Winterkamp, Sascha"]
[Result "1-0"]
[WhiteElo "1934"]
[BlackElo "1953"]
[PlyCount "73"]
[EventDate "2012.??.??"]
[WhiteTeam "SV Günnigfeld 1924"]
[BlackTeam "SG Höntrop 1947"]

1. d4 Nf6 2. Nf3 g6 3. c4 Bg7 4. Nc3 O-O 5. Bf4 d6 6. e3 Nbd7 7. Be2 c5 8. d5
a6 9. O-O Re8 10. Qd2 Rb8 11. h3 Nf8 12. Rad1 Bf5 13. Rfe1 b5 14. b3 b4 15. Nb1
Ne4 16. Qc1 Qa5 17. g4 Bd7 18. Qc2 Nc3 19. Nxc3 bxc3 20. e4 h6 21. Bd3 g5 22.
Bg3 Ng6 23. e5 Nf4 24. Bxf4 gxf4 25. e6 fxe6 26. dxe6 Bc6 27. Nh4 Rbc8 28. Bg6
Bf6 29. Bf7+ Kh8 30. Ng6+ Kg7 31. Nxf4 Bg5 32. Nh5+ Kh8 33. f4 Rg8 34. Bxg8
Rxg8 35. fxg5 Rxg5 36. Rf1 Kg8 37. Rf7 1-0

[Event "?"]
[Site "?"]
[Date "2012.03.27"]
[Round "7.5"]
[White "Trzaska, Peter"]
[Black "Wickenfeld, Stefan"]
[Result "0-1"]
[WhiteElo "2081"]
[BlackElo "2088"]
[PlyCount "46"]
[EventDate "2012.??.??"]
[WhiteTeam "SK Sodingen 24"]
[BlackTeam "SK Sodingen 24"]

1. Nf3 g6 2. e4 Bg7 3. d4 d6 4. Nc3 Nf6 5. h3 O-O 6. Be2 c5 7. dxc5 dxc5 8. Be3
Qa5 9. O-O Rd8 10. Qe1 Nc6 11. e5 Ne8 12. Bb5 Nxe5 13. Nxe5 Bxe5 14. Bxe8 Rxe8
15. Bd2 Qc7 16. Nb5 Qb8 17. f4 Bg7 18. f5 Bxf5 19. Rxf5 gxf5 20. Qh4 a6 21. Bf4
e5 22. Bh6 Bxh6 23. Qxh6 Re6 0-1

[Event "?"]
[Site "?"]
[Date "2012.03.27"]
[Round "7.6"]
[White "Schmidt, Ralph"]
[Black "Löffelbein, Klaus"]
[Result "1-0"]
[WhiteElo "1930"]
[BlackElo "1840"]
[PlyCount "43"]
[EventDate "2012.??.??"]
[WhiteTeam "SV BO-Linden"]
[BlackTeam "SC Gerthe 46 - Werne"]

1. e4 c5 2. Nf3 Nc6 3. d4 cxd4 4. Nxd4 e5 5. Nb3 Nf6 6. f3 Nxe4 7. fxe4 Qh4+ 8.
Ke2 d5 9. h3 Qxe4+ 10. Kf2 Nd4 11. Bd3 Qh4+ 12. g3 Qf6+ 13. Kg2 Bd7 14. Nxd4
exd4 15. Rf1 Qb6 16. Qe2+ Be7 17. b3 Kf8 18. Qh5 Be6 19. Bf5 Rc8 20. Ba3 Bxa3
21. Nxa3 g6 22. Bxg6 1-0

[Event "?"]
[Site "?"]
[Date "2012.03.27"]
[Round "7.7"]
[White "Domnik, Roland"]
[Black "Wiechen, Ulrich"]
[Result "1/2-1/2"]
[WhiteElo "1696"]
[BlackElo "1903"]
[WhiteTeam "TuS Witten-Stockum"]
[BlackTeam "SC Buer-Hassel"]

1. d4 d5 2. c4 dxc4 3. Nf3 Nf6 4. e3 Bg4 5. Bxc4 e6 6. Nc3 c6 7. O-O Nbd7 8.
Bd2 Be7 9. Be2 O-O 10. Rc1 Qb6 11. Na4 Qd8 12. Nc3 Qb6 13. Na4 Qd8 1/2-1/2

[Event "?"]
[Site "?"]
[Date "2012.03.27"]
[Round "7.8"]
[White "Bartel, Mario"]
[Black "Nebel, Uwe"]
[Result "0-1"]
[WhiteElo "2096"]
[BlackElo "1852"]
[PlyCount "52"]
[EventDate "2012.??.??"]
[WhiteTeam "SV Wattenscheid 30"]
[BlackTeam "SG Drewer 54"]

1. e4 e6 2. d4 d5 3. e5 c5 4. c3 Nc6 5. Nf3 cxd4 6. cxd4 Qb6 7. Nc3 Bd7 8. Bd3
Nxd4 9. Nxd4 Qxd4 10. O-O a6 11. Qe2 Rc8 12. Kh1 g6 13. f4 Qb6 14. f5 Ne7 15.
fxg6 hxg6 16. Bg5 Nf5 17. Bxf5 gxf5 18. Rxf5 Rxc3 19. Rxf7 Rch3 20. Rxf8+ Rxf8
21. gxh3 Bc6 22. Kg2 d4+ 23. Kg3 Rf3+ 24. Kg4 d3 25. Qd2 Qd4+ 26. Bf4 Qe4 0-1

[Event "?"]
[Site "?"]
[Date "2012.03.27"]
[Round "7.10"]
[White "Scheibe, Werner"]
[Black "Patzer, Jörg"]
[Result "1/2-1/2"]
[WhiteElo "1815"]
[BlackElo "1948"]
[WhiteTeam "SK Sodingen 24"]
[BlackTeam "SV Horst-Emscher 31"]

1. e4 d6 2. d4 Nf6 3. Nc3 g6 4. Bc4 Bg7 5. f3 c6 6. Be3 O-O 7. Qd2 d5 8. Bb3
dxe4 9. fxe4 Ng4 10. Nf3 Nxe3 11. Qxe3 Qa5 12. O-O Nd7 13. Rad1 h6 14. Ne2 e5
15. d5 Qc5 16. Qxc5 Nxc5 17. Nc3 Nxb3 18. axb3 Bd7 19. Na4 cxd5 20. Nc5 Bb5 21.
Rfe1 b6 22. Na4 d4 23. c4 Bc6 24. Ra1 Rae8 25. b4 f5 26. Nd2 h5 27. exf5 gxf5
28. b5 Ba8 29. c5 bxc5 30. Nxc5 Re7 31. Ra6 Bd5 32. Rd6 Bf7 33. Nf3 Rfe8 34. b4
Bc4 35. Nh4 Rf8 36. Ng6 1/2-1/2

[Event "?"]
[Site "?"]
[Date "2012.03.27"]
[Round "7.12"]
[White "Funke, Eckhard"]
[Black "Matrisch, Gerd"]
[Result "1-0"]
[WhiteElo "1896"]
[BlackElo "1723"]
[WhiteTeam "SG Höntrop 1947"]
[BlackTeam "SV Unser Fritz W-E"]

1. d4 e6 2. c4 d5 3. Nc3 Nf6 4. Bg5 Be7 5. e3 O-O 6. Nf3 c6 7. Rc1 Nbd7 8. Bd3
h6 9. Bh4 Re8 10. O-O dxc4 11. Bxc4 Nd5 12. Bxe7 Qxe7 13. e4 Nxc3 14. Rxc3 Nb6
15. Bb3 Bd7 16. Re1 Rad8 17. Qc2 Qf6 18. Rce3 Kh8 19. Ne5 Bc8 20. Rf3 1-0

[Event "?"]
[Site "?"]
[Date "2012.03.27"]
[Round "7.13"]
[White "Reinholz, Benjamin"]
[Black "Markert, Dirk"]
[Result "1/2-1/2"]
[WhiteElo "1864"]
[BlackElo "1963"]
[WhiteTeam "SK Sodingen 24"]
[BlackTeam "SV Kamen 1930"]

1. e4 c5 2. Nc3 Nc6 3. g3 g6 4. Bg2 Bg7 5. d3 d6 6. Be3 Rb8 7. Qd2 b5 8. h4 b4
9. Nd1 h5 10. Bh3 Bxh3 11. Nxh3 Nh6 12. f3 Qd7 13. Nf4 a5 14. O-O e6 1/2-1/2

[Event "?"]
[Site "?"]
[Date "2012.03.27"]
[Round "7.14"]
[White "Melmer, Felix"]
[Black "Grothuesmann, Heinrich"]
[Result "1-0"]
[WhiteElo "1949"]
[BlackElo "1634"]
[WhiteTeam "SC Gerthe 46 - Werne"]
[BlackTeam "SK RE-Altstadt 06"]

1. f4 Nf6 2. Nf3 c5 3. d3 d5 4. g3 Nc6 5. Bg2 g6 6. O-O Bg7 7. c3 O-O 8. Na3
Rb8 9. Nh4 b5 10. f5 b4 11. Nc2 a5 12. e4 Bb7 13. Bf4 Rc8 14. Qe2 dxe4 15. dxe4
Qb6 16. Ne3 Nh5 17. Nd5 Nxf4 18. gxf4 Qa6 19. Qc2 Rfe8 20. e5 Nxe5 21. fxe5
Bxe5 22. Rae1 Qd6 23. Nf3 Bxd5 24. Nxe5 Bxg2 25. Qxg2 1-0

[Event "?"]
[Site "?"]
[Date "2012.03.27"]
[Round "7.15"]
[White "Sikorski, Thomas"]
[Black "Müller-Kreth, Kai"]
[Result "1/2-1/2"]
[WhiteElo "1716"]
[BlackElo "1861"]
[PlyCount "119"]
[EventDate "2012.??.??"]
[WhiteTeam "SK Sodingen 24"]
[BlackTeam "SK Sodingen 24"]

1. c4 c5 2. Nf3 Nc6 3. d4 cxd4 4. Nxd4 Nf6 5. Nc3 g6 6. e4 d6 7. Be2 Bg7 8. Be3
Bd7 9. O-O O-O 10. Qd2 a6 11. Rad1 Ng4 12. Bxg4 Bxg4 13. f3 Bd7 14. Kh1 Rc8 15.
b3 f5 16. Nxc6 bxc6 17. Bd4 fxe4 18. Bxg7 Kxg7 19. Qd4+ Kg8 20. Nxe4 c5 21.
Qd5+ Kg7 22. Ng5 Rf6 23. Rfe1 Rc7 24. Re2 h6 25. Ne4 Bc6 26. Qd3 Bxe4 27. Rxe4
Qc8 28. Rde1 Qb7 29. Qe3 e5 30. f4 Rcf7 31. Qd3 exf4 32. Re6 f3 33. Qc3 fxg2+
34. Kg1 Qf3 35. Qxf3 Rxf3 36. Kxg2 Rf2+ 37. Kg1 Rd2 38. R1e3 h5 39. h4 Rf6 40.
Re7+ Kh6 41. Ra7 Rxa2 42. Ree7 g5 43. Rh7+ Kg6 44. Rhg7+ Kf5 45. Rxg5+ Kf4 46.
Re7 Rf5 47. Rg6 Re5 48. Rf7+ Rf5 49. Re7 d5 50. cxd5 Rxd5 51. Rf6+ Rf5 52. Rg6
Kf3 53. Re1 Rf4 54. Rf1+ Ke4 55. Re1+ Kd3 56. Rd6+ Kc3 57. Re3+ Kb4 58. Rb6+
Ka5 59. Ree6 Rg4+ 60. Kf1 1/2-1/2

[Event "?"]
[Site "?"]
[Date "2012.03.27"]
[Round "7.17"]
[White "Pohl, Martin"]
[Black "Wenzel, Martin"]
[Result "1-0"]
[WhiteElo "1687"]
[BlackElo "1813"]
[WhiteTeam "SV Unser Fritz W-E"]
[BlackTeam "SF Buer 21/74"]

1. c4 Nf6 2. g3 g6 3. Bg2 Bg7 4. Nc3 O-O 5. e3 e5 6. Nge2 d6 7. b3 Nc6 8. a3
Nd7 9. Bb2 f5 10. d4 Qg5 11. Nd5 Nb6 12. Nxc7 f4 13. h4 Qf6 14. dxe5 dxe5 15.
Nxf4 Qf7 16. Nxa8 exf4 17. Nxb6 f3 18. Bxf3 Bxb2 19. Nxc8 Bc3+ 20. Kf1 Qf6 21.
Bd5+ Kg7 22. Ra2 Qe5 23. Qd3 Bb2 24. Bxc6 Qf6 25. Rxb2 Qxc6 26. e4 Qxc8 27. Rd2
Kh6 28. Kg2 Qe6 29. Rhd1 Qf6 30. Qe3+ Kh5 31. Rd5+ g5 32. Rxg5+ Kh6 33. Rf5+
Qg5 34. Qxg5# 1-0

[Event "?"]
[Site "?"]
[Date "2012.03.27"]
[Round "7.18"]
[White "Donin, Oleksandr"]
[Black "Klinke, Werner"]
[Result "1/2-1/2"]
[WhiteElo "1577"]
[BlackElo "1911"]
[WhiteTeam "SF WSB Krefeld 1999"]
[BlackTeam "SV Eichlinghofen"]

1. d4 e6 2. Nf3 Nf6 3. Bg5 Be7 4. Nbd2 d5 5. e3 b6 6. c4 Bb7 7. Be2 O-O 8. O-O
Nbd7 9. a3 a5 10. Rc1 dxc4 11. Bxc4 Ne4 12. Bxe7 Qxe7 13. Nxe4 Bxe4 14. Bd3
Bxd3 15. Qxd3 Rfc8 16. Qe4 Ra7 17. Qc6 Rd8 18. Rc3 Qd6 19. Rfc1 f6 20. Qxd6
cxd6 21. Rc6 Rb7 22. Rxd6 Kf7 1/2-1/2

[Event "?"]
[Site "?"]
[Date "2012.03.27"]
[Round "7.21"]
[White "Barth, Hans-Joachim"]
[Black "Grunwald, Günther"]
[Result "0-1"]
[WhiteElo "1783"]
[BlackElo "1554"]
[PlyCount "72"]
[EventDate "2012.??.??"]
[WhiteTeam "SC Dolce Vita 93"]
[BlackTeam "SW Obehausen"]

1. b3 e6 2. Bb2 Nf6 3. c4 c6 4. Nf3 d5 5. e3 Be7 6. Be2 O-O 7. O-O h6 8. d4 b6
9. Qc2 Bb7 10. Nbd2 c5 11. Rfd1 Nbd7 12. Ne5 Rc8 13. f4 cxd4 14. exd4 dxc4 15.
bxc4 Bb4 16. Bd3 Nd5 17. Qa4 Nxe5 18. fxe5 Bxd2 19. Rxd2 Qg5 20. Rf2 Nf4 21.
Bc1 Nh3+ 22. Kf1 Qh4 23. gxh3 Qxh3+ 24. Ke1 Qxd3 25. Bb2 Rxc4 26. Qxa7 Qe4+ 27.
Kd1 Rfc8 28. Qa3 Qg4+ 29. Ke1 Qe4+ 30. Re2 Qh1+ 31. Kf2 Qxh2+ 32. Kf1 Qh1+ 33.
Kf2 Qg2+ 34. Ke1 Qg1+ 35. Kd2 Rc2+ 36. Kd3 Qg6+ 0-1

[Event "?"]
[Site "?"]
[Date "2012.03.27"]
[Round "7.22"]
[White "Bittner, Reinhard"]
[Black "Kamper, Marco"]
[Result "0-1"]
[WhiteElo "1465"]
[BlackElo "1785"]
[PlyCount "72"]
[EventDate "2012.??.??"]
[WhiteTeam "SV UnserFritz W-E"]
[BlackTeam "RSG Läufer RE-Ost"]

1. d4 f5 2. Nf3 Nf6 3. Bg5 e6 4. Nbd2 Be7 5. e3 O-O 6. Bd3 b6 7. O-O Bb7 8. c3
c5 9. Qb3 Kh8 10. Rac1 Nc6 11. Qd1 d6 12. Re1 Nd7 13. Bxe7 Qxe7 14. e4 fxe4 15.
Nxe4 h6 16. Nfg5 d5 17. Ng3 Qxg5 18. Rxe6 Rf6 19. Re2 cxd4 20. Bb5 dxc3 21.
Rxc3 Nc5 22. a3 Ne4 23. Rce3 Nxg3 24. hxg3 Rd8 25. Re8+ Rf8 26. R8e6 Rf6 27.
Re8+ Rxe8 28. Rxe8+ Kh7 29. f4 Qxg3 30. Qxd5 Nd4 31. Qxb7 Nxb5 32. Qe4+ Qg6 33.
Qa8 Qb1+ 34. Kh2 Nd6 35. Re7 Rxf4 36. Qd5 Nf5 0-1

[Event "?"]
[Site "?"]
[Date "2012.03.27"]
[Round "7.24"]
[White "Bleich, Karl-Heinz"]
[Black "Reichardt, Markus"]
[Result "1-0"]
[WhiteElo "1452"]
[BlackElo "1676"]
[WhiteTeam "RSG Läufer RE-Ost"]
[BlackTeam "SC Buer-Hassel"]

1. d4 Nf6 2. c4 g6 3. Nc3 d5 4. Nf3 Bg7 5. e3 O-O 6. Bd3 dxc4 7. Bxc4 e6 8. O-O
c5 9. Qc2 Nc6 10. Rd1 a6 11. a3 b5 12. dxc5 Qe7 13. Be2 Qxc5 14. b4 Qe7 15. Bb2
Bb7 16. Rac1 Rac8 17. Qb3 Rfd8 18. Ne1 Nd7 19. Nd3 Nce5 20. a4 Nc4 21. Ba1 Qg5
22. Bf1 Bf3 23. Ne2 Bxa1 24. Rxa1 Bd5 25. Ndf4 bxa4 26. Rxa4 Ncb6 27. Nxd5 Nxa4
28. f4 Ndc5 29. bxc5 Nxc5 30. Qa3 Qg4 1-0

[Event "?"]
[Site "?"]
[Date "2012.03.27"]
[Round "7.26"]
[White "Drees, Helmut"]
[Black "Quäschling, Udo"]
[Result "1-0"]
[WhiteElo "1680"]
[BlackElo "1358"]
[WhiteTeam "SK Sodingen 24"]
[BlackTeam "SV Constantin Herne"]

1. d4 d5 2. c4 dxc4 3. Nf3 Nf6 4. e3 e6 5. Bxc4 Bb4+ 6. Bd2 Qd6 7. O-O Nc6 8.
a3 Bxd2 9. Nbxd2 O-O 10. b4 b6 11. Rc1 Bb7 12. Qc2 Ne7 13. Bd3 Ned5 14. e4 Nxe4
15. Bxe4 f5 16. Bxd5 Qxd5 17. Qxc7 Rac8 18. Qe5 h6 19. Qxd5 Bxd5 20. Ne5 g5 21.
Ng6 Rxc1 22. Rxc1 Rd8 23. Rc8 Rxc8 24. Ne7+ Kf8 25. Nxc8 Bc6 26. Nc4 Ke8 27.
Nxa7 Kd7 28. Ne5+ 1-0

[Event "?"]
[Site "?"]
[Date "2012.03.27"]
[Round "7.27"]
[White "Deutschmann, Jürgen"]
[Black "Odenwald, Andreas"]
[Result "1-0"]
[WhiteElo "1476"]
[BlackElo "1609"]
[PlyCount "99"]
[EventDate "2012.??.??"]
[WhiteTeam "SF Buer 21/74"]
[BlackTeam "SV Waltrop 1922"]

1. f4 e5 2. fxe5 Nc6 3. Nf3 g5 4. g3 d6 5. d4 dxe5 6. Bxg5 f6 7. d5 Nce7 8. Bh4
e4 9. Nfd2 Qxd5 10. Nc3 Qc6 11. e3 Qc5 12. Qe2 f5 13. Qb5+ Nc6 14. Qxc5 Bxc5
15. Nd5 Kd7 16. Bh3 Kd6 17. c4 Ne5 18. O-O-O Nd3+ 19. Kc2 c6 20. Nf4 Nh6 21.
Nb3 Bxe3 22. Nxd3 Kc7 23. Nf4 Nf7 24. Bf6 Re8 25. Rhe1 Bf2 26. Re2 e3 27. Bc3
Ne5 28. Bxe5+ Rxe5 29. Nd3 Re4 30. Kc3 Be6 31. Nd4 Bd7 32. Bxf5 Bxf5 33. Nxf5
Rae8 34. Nf4 R4e5 35. Nh6 Rg5 36. Nd3 Rf8 37. Nxf2 exf2 38. Rf1 Rf3+ 39. Kd2
Rf6 40. Re7+ Kb6 41. Nf7 Rgf5 42. Ne5 Rh6 43. Ng4 Rd6+ 44. Kc3 h5 45. Rxf2 Ra5
46. b4 Ra3+ 47. Kb2 Rdd3 48. Rff7 c5 49. Rxb7+ Kc6 50. b5+ 1-0